000 00508cam a22002051 4500
001 sa 68018964
003 DLC
005 20260227112715.0
008 730705s1964 xx 000 0 eng
010 _asa 68018964
035 _a(OCoLC)652200
040 _aDLC
_cOAU
_dDLC
042 _apremarc
050 0 0 _aPL5089.W46
_bR4
100 1 _aWida, Rani.
245 1 0 _aRemadja korban buaja.
260 _aTasikmalaja,
_bPenerbit Swandaja
_c[1964?]
300 _a60 p.
_c14 cm.
490 0 _aBuku saku ABC 66
999 _c88745
_d88745